ბათუმის შოთა რუსთაველის სახელმწიფო უნივერსიტეტის ბიბლიოთეკა

ცოდნის ეკონომიკა და მართვა : სახელმძღვ. / (ბიბ.ჩანაწერი № 59029)

000 -ლიდერი
ფიქსირებული სიგრძის საკონტროლო ველი 01236nam a22002537a 4500
003 - საკონტროლო ნომრის იდენტიფიკატორი
საკონტროლო ველი Ge_BSU
005 - ბოლო ოპერაციის თარიღი და დრო
საკონტროლო ველი 20221102113710.0
008 - ფიქსირებული სიგრძის მონაცემთა ელემენტები - ზოგადი ინფორმაცია
ფიქსირებული სიგრძის საკონტროლო ველი 221102s2010 ge ||||| |||| 00| 0 geo d
020 ## - წიგნის საერთაშორისო სტანდარტული ნომერი
International Standard Book Number 9789941148538
041 ## - ენის კოდი
Language code of text/sound track or separate title geo
080 ## - უნივერსალური ათობითი კლასიფიკაციის ინდექსი
Universal Decimal Classification number 001.101(075.8) ჯ-67
100 ## - მთავარი ჩანაწერი - პიროვნების სახელი
Personal name ჯოლია, გურამ
9 (RLIN) 15726
245 ## - ცნობა სათაურის შესახებ
Title ცოდნის ეკონომიკა და მართვა : სახელმძღვ. /
Statement of responsibility, etc გ. ჯოლია, დ. სეხნიაშვილი ; [რედ. გიორგი მალაშხია] ; სტუ.
264 ## - წარმოების, გამოცემის, დისტრიბუციის და სხვა ცნობები
გამოცემის, წარმოების, დისტრიბუციის... ადგილი თბილისი :
გამოცემის, წარმოების, დისტრიბუციის... სახელწოდება ტექნ. უნ-ტი,
გამოცემის, წარმოების, დისტრიბუციის... თარიღი 2010.
300 ## - ფიზიკური აღწერა
Extent 320 გვ. :
Other physical details ცხრ., ნახ. ;
Dimensions 20 სმ.
501 ## - შენიშვნა თანმხლებ მასალაზე
With note დანართები: გვ. 296-316.
504 ## - BIBLIOGRAPHY, ETC. NOTE
Bibliography, etc ბიბლიოგრ. ტექსტ. შენიშვნ. და გვ. 317-319.
653 ## - INDEX TERM--UNCONTROLLED
Uncontrolled term ცოდნის ეკონომიკა
653 ## - INDEX TERM--UNCONTROLLED
Uncontrolled term ცოდნის მართვა
700 ## - ADDED ENTRY--PERSONAL NAME
Personal name სეხნიაშვილი, დალი
Relator term ავტორი
9 (RLIN) 13248
700 ## - ADDED ENTRY--PERSONAL NAME
Personal name მალაშხია, გიორგი
Relator term რედაქტორი
9 (RLIN) 7239
710 ## - ADDED ENTRY--CORPORATE NAME
Corporate name or jurisdiction name as entry element სტუ.
9 (RLIN) 15727
942 ## - ADDED ENTRY ELEMENTS (KOHA)
Source of classification or shelving scheme
Koha item type წიგნი
ეგზემპლარები
ჩამოწერის სტატუსი დაკარგული ეგზემპლარის სტატუსი კლასიფიკაციის წყარო ან თაროზე გაწყობის სქემა დაზიანების სტატუსი არ გაიცემა მუდმივი მდებარეობა (დაცვის ადგილი) ამჟამინდელი ადგილსამყოფელი თაროზე განთავსების ადგილი შეძენის თარიღი ღირებულება, შესყიდვის ნორმალური ფასი სრული შენახვის შიფრი შტრიხკოდი ბოლო ოპერაციის თარიღი ეგზემპლარის მიმდევრობითი ნომერი (კეტერი?) ფასის ძალაში შესვლის თარიღი ეგზემპლარის სახეობა საჯარო შენიშვნა
          ბათუმის შოთა რუსთაველის სახელმწიფო უნივერსიტეტის მთავარი ბიბლიოთეკა ბათუმის შოთა რუსთაველის სახელმწიფო უნივერსიტეტის მთავარი ბიბლიოთეკა წიგნსაცავი 2022-11-02 12.00 001.101(075.8) ჯ-67 28848 2022-11-02 28848 2022-11-02 წიგნი 12 ლ.
          ბათუმის შოთა რუსთაველის სახელმწიფო უნივერსიტეტის მთავარი ბიბლიოთეკა ბათუმის შოთა რუსთაველის სახელმწიფო უნივერსიტეტის მთავარი ბიბლიოთეკა წიგნსაცავი 2022-11-02 8.95 001.101(075.8) ჯ-67 00560 2022-11-02 00560 2022-11-02 ქსეროასლი 8 ლ. 95 თ.